000 00525nam a2200217Ia 4500
003 LK-CoDNM
005 20241001111904.0
008 010623t1908 xxu||||| |||| 00| 1 eng d
040 _aLK-CoDNM
_dLK-CoDNM
_eLK-CoDNM
041 _aeng
080 _a24
_bR21
245 _aSpolia Zeylanica
_bVOL V
260 _bH.C.Cottle
_aColombo
_c1908
300 _biv, 191p. : ill , 5maps ; 24 cm
650 _aJaffna
650 _aReptile
650 _aSpolia Zeylanica
650 _a24 R21
650 _aBIRDS
942 _cBK
999 _c86729
_d86729